000 00712nam a2200205Ii 4500
003 JO-AjNU
008 230605s9999||||xx |||||||||||||| ||und||
040 _aJO-AjNU
_bara
_erda
_cJO-AjNU
041 _aara
050 1 4 _aPJ6127 1983
100 3 _aتأليف النجار، فاطمة,
_eauthor
_914147
245 0 0 _aالموجّة في الإملاء: دروس إملائية بتخطيط تربوي سليم
250 _aط2
264 3 1 _aجده: دار البيان العربي،1987
300 _a199ص
336 _atext
_btxt
_2rdacontent
337 _aunmediated
_bn
_2rdamedia
338 _avolume
_bnc
_2rdacarrier
650 4 _aاللغة العربية-دروس إملائية-الاملاء
_914148
999 _aA3704
_c7272
_d7272